• 首页
  • 本馆介绍
  • 公告通知
  • 最新文献
  • 馆藏检索
  • 电子资源
  • 读者荐购
  • 参考咨询
  • CALIS
  • 我的图书馆
  • 登录
  • 详细信息显示
  • 放入我的书架
  • 预约/预借图书
  • 作者相关作品
  • 分类相关作品
  • 丛书相关作品
  • 出版社相关作品

书目信息

  • 表格格式
  • 工作单格式
  • 卡片格式
题名:
贾平凹
    
 
作者: 贾平凹 著
分册:   中国国外获奖作家作品集
出版信息: 昆明   云南人民出版社  2001.10
页数: 513页
开本: 20cm
丛书名:
单 册:
中图分类: I217.1
科图分类:
主题词: 文学--wen xue--中国--当代--作品综合集 , 中篇小说--zhong pian xiao shuo--中国--当代--作品集 , 短篇小说--duan pian xiao shuo--中国--当代--作品集
电子资源:
ISBN: 7-222-03103-0
 
 
 
 
 
000 00990nam0 2200265 450
001 012008371765
005 20080320105457.06
010    @a7-222-03103-0@dCNY34.50
100    @a20080319d2001 km y0chiy0120 ea
101 0  @achi
102    @aCN@b530000
105    @aa z 000ay
106    @ar
200 1  @a贾平凹@Ajia ping ao@i中国国外获奖作家作品集@f贾平凹著@Fjia ping ao zhu
210    @a昆明@c云南人民出版社@d2001.10
215    @a513页@c图@d20cm
330    @a本书主要内容包括:我为什么写作?主要作品目录;国外出版的主要作品;国外获奖情况;在美孚飞马文学奖新闻发布会上的讲话等。
517 1  @a中国国外获奖作家作品集@Azhong guo guo wai huo jiang zuo jia zuo pin ji
606 0  @a文学@Awen xue@y中国@z当代@j作品综合集
606 0  @a中篇小说@Azhong pian xiao shuo@y中国@z当代@j作品集
606 0  @a短篇小说@Aduan pian xiao shuo@y中国@z当代@j作品集
690    @aI217.1@v4
701  0 @a贾平凹@Ajia ping ao@4著
801  0 @aCN@bQSSK@c20080320
905    @b20287958-61@dI217.1@eJ243@f4
    
    贾平凹.中国国外获奖作家作品集/贾平凹著.-昆明:云南人民出版社,2001.10
    513页:图;20cm
    
    
    ISBN 7-222-03103-0:CNY34.50
    本书主要内容包括:我为什么写作?主要作品目录;国外出版的主要作品;国外获奖情况;在美孚飞马文学奖新闻发布会上的讲话等。
●
相关链接 在E读中查询图书 在当当中查询图书 在豆瓣中查询图书


正题名:贾平凹     索取号:I217.1/J243         预约/预借

序号 登录号 条形码 馆藏地/架位号 状态 备注
1 287958   202879581   文学库108/108文学库 11排1列3层/ [索取号:I217.1/J243] 在馆    
2 287959   202879590   文学库108/108文学库 14排4列1层/ [索取号:I217.1/J243] 在馆    
3 287960   202879607   文学库108/108文学库 14排3列3层/ [索取号:I217.1/J243] 在馆    
4 287961   202879616   社科二线422/422社科库 9排1列3层/ [索取号:I217.1/J243] 在馆    
河南城建学院图书馆 欢迎您!
大连网信软件有限公司© 版权所有